| 000 | 00334nam a2200133Ia 4500 | ||
|---|---|---|---|
| 008 | 150201s2002 xx 000 0 und d | ||
| 082 |
_a611 _bA02C |
||
| 100 | _aCOCHARD,LARRY R | ||
| 245 | _aNETTER'S ATLAS OF HUMAN EMBRYOLOGY | ||
| 250 | _a1ST | ||
| 260 |
_bICON LEARNING _aDELHI _c2002 |
||
| 650 | _aHUMAN ANATOMY | ||
| 942 |
_2ddc _cBK _015 |
||
| 999 |
_c788 _d788 |
||